[Event "EU-Cup 21st"]
[Site "Saint Vincent"]
[Date "2005.09.18"]
[Round "1.5"]
[White "Bosman, Michiel"]
[Black "Smirnov, Pavel"]
[Result "0-1"]
[WhiteElo "2332"]
[BlackElo "2635"]
[Annotator "Lukacs,P"]
[PlyCount "64"]
[EventDate "2005.09.18"]
[EventType "team-swiss"]
[EventRounds "7"]
[EventCountry "ITA"]
[SourceTitle "CBM 110"]
[Source "ChessBase"]
[SourceDate "2006.01.31"]
[SourceVersion "1"]
[SourceVersionDate "2006.01.31"]
[SourceQuality "1"]
[WhiteTeam "Leerdams"]
[BlackTeam "Tomsk 400"]
[WhiteTeamCountry "NED"]
[BlackTeamCountry "RUS"]

1. e4 e5 2. Bc4 Nf6 3. d3 Nc6 4. Nf3 Be7 5. O-O O-O 6. Bb3 d6 7. c3 Na5 8. Bc2
c5 9. a3 $5 (9. h3 Nc6 10. Re1 (10. d4 {is probably premature.} cxd4 11. cxd4
Qb6 12. d5 Nb4 13. Be3 Qa6 14. Nc3 Nxc2 {The exchange of the "Spanish" B is
good for Black.} 15. Qxc2 Bd7 16. a4 Rfc8 17. Qb3 Bd8 $11 {Dolmatov-Smejkal,
Hradec Kralove 1981}) 10... Re8 (10... b5 11. d4 exd4 {There is no need to
give up the [+] so early.} (11... Qc7) 12. cxd4 Nb4 13. a4 (13. Be3) 13... Nxc2
14. Qxc2 b4 (14... bxa4 $5) 15. dxc5 dxc5 16. Bf4 Bb7 17. Nbd2 {>< c4} Re8 18.
Rad1 Qc8 19. Bh2 Bf8 20. e5 $14 {Nevednichy-Pasarelu, Bucharest 1992}) 11. Nbd2
(11. d4 h6 (11... cxd4 12. cxd4 exd4 13. Nxd4 d5 $5 {was the active plan.}) 12.
dxc5 dxc5 13. Nbd2 Qc7 14. Nc4 Be6 15. Ne3 Rad8 16. Qe2 Bf8 17. Nh2 c4 18. Qf3
b5 (18... Bc5 $5) 19. Nf5 Bxf5 20. Qxf5 Re6 21. Nf1 Bc5 22. Ne3 Ne7 23. Qf3 a6
{(Yudasin-P.Nikolic, New York 1994)} (23... a5 $5) 24. b4 $5 cxb3 25. axb3 b4
26. c4 Nc6 $132) 11... Bf8 12. a4 {fighting for the light squares.} (12. Nf1 $5
h6 (12... d5 13. Bg5) 13. Ng3 d5 (13... a6 14. d4) 14. exd5 Nxd5 15. Ba4 {
Here we see a significant difference to the Ruy Lopez!} Bd6 16. Ne4 (16. d4 $6
{It was better to keep the position closed worsening Black's P structure by
taking on c6.} exd4 17. Rxe8+ Qxe8 18. cxd4 c4 19. Bb5 c3 20. Qb3 cxb2 21. Bxb2
Be6 $11 {Beshukov-Gutov, Moscow 1999}) (16. Nd2 Nb6 (16... Bd7 17. Nge4 Bf8 18.
Nc4 $14) 17. Bxc6 bxc6 18. Qf3 $14) 16... Bf8 17. Bxc6 bxc6 18. Ng3 $14 {
and Black's weaknesses on the << is hard to repare.}) 12... g6 (12... d5 13.
Bb3 $14) 13. Nf1 d5 {- Barua-Graf, Tripoli 2004 CBM 102}) 9... Nc6 10. b4 (10.
Re1 Be6 11. b4 a6 12. Nbd2 h6 13. Bb2 Re8 14. h3 (14. d4 {attacking in the [+]
was critical.}) 14... d5 {Black wants to take over the [+], but White is
well-prepared.} 15. exd5 Nxd5 16. Ne4 cxb4 17. cxb4 Qc7 18. Rc1 Rad8 19. Ba4
$14 {Kotsur-Senador, Tagaytay City 2004}) 10... a6 (10... Re8 11. b5 $5 (11.
Nbd2 Bf8 12. Re1 h6 13. b5 (13. Bb2 $5 {/\ d4}) 13... Na5 14. h3 g6 15. d4 Qc7
16. Bb2 Bg7 17. dxe5 dxe5 18. c4 Nh5 19. Bd3 Be6 20. Bc3 Red8 21. Qc2 Nf4 22.
Bf1 a6 $132 {Schmaltz-Zude, Bad Wiessee 2002}) 11... Na5 12. c4 a6 13. a4 b6
14. Nc3 $14 {because the N on a5 is really far from the events.}) (10... Bg4
11. h3 Bh5 {The B is not very effective here.} 12. b5 $5 {deserves attention
again.} (12. Nbd2 a6 13. Re1 Rc8 14. Bb2 d5 $13 {Beshukov-Yemelin, St
Petersburg 2001}) 12... Na5 13. c4 a6 14. a4 {/\ Nc3}) (10... Qc7 11. Re1 Bd7
12. Bb2 (12. Nbd2 $5) 12... b5 13. Bb3 a5 14. bxc5 dxc5 15. Bd5 Bd6 16. a4 {
(Gipslis-Faibisovich, Pardubice 1994)} b4 $5 $13) 11. Re1 (11. Nbd2 b5 (11...
Re8 12. Bb2 Bf8 13. Re1 $14 {Bauer-Hebden, Escaldes 1998 CBM 068}) (11... Qc7
12. h3 b5 13. d4 cxd4 14. cxd4 exd4 15. Bb2 d5 $5 {fighting back in the [+]
was better.} (15... Nd7 {is is simply too passive.} 16. Nxd4 Nxd4 17. Bxd4 Bf6
18. Nb3 $16 {Dolmatov-Sideif Sade, Tashkent 1980})) 12. Bb2 $5 (12. h3 $5) (12.
d4 {is not well-prepared yet.} cxb4 (12... c4 $6 13. d5 {gives White free
hands on both flanks.} Nb8 14. a4 Bb7 15. Re1 Nbd7 16. Nf1 Re8 17. h3 g6 18.
Ng3 {With a favourable Ruy Lopez Breyer for White.} Bf8 19. Be3 Bg7 20. Qd2 Rf8
21. Reb1 (21. Ra3 $5 {/\ Rea1}) 21... Ne8 22. Ra2 Nc7 23. Rba1 $14 {
Shahade-Barcenilla, New York 2000}) 13. cxb4 exd4 14. Bb2 Bg4 $1 {The same
idea as in the Spanish 9.d4 Bg4 variation.} 15. h3 Bh5 16. g4 Bg6 17. Nxd4 Nxd4
18. Bxd4 d5 19. e5 Ne4 20. Nb3 (20. f4 f5) 20... f5 21. f3 (21. exf6 Bxf6 $17 {
De la Paz-R.Hernandez, Havana 2004}) 21... Ng5 $1 $132)) (11. h3 d5 12. exd5
Nxd5 13. Re1 Bf6 $5 (13... Qc7 14. Bb2 $14) 14. bxc5 (14. Nfd2 $5 $14 {Dolmatov
}) 14... Bf5 {Dolmatov} (14... Qa5 $6 15. Bg5 (15. Nfd2 $6 Nxc3 16. Nxc3 Qxc3
17. Nb3 Nd4 $15) 15... Qxc5 16. Bxf6 Nxf6 17. d4 exd4 18. cxd4 Qa5 $14) 15.
Nfd2 $14 {- Belikov-Smagin, Kazan 1995 CBM 051}) 11... b5 (11... d5 12. exd5
Nxd5 13. bxc5 (13. Bb2 Bg4 14. Nbd2 cxb4 15. axb4 Nf4 16. Re3 Bd6 17. Qf1 Rc8
18. Bb3 Bb8 19. Ne4 Be6 20. Ba4 b5 21. Bd1 a5 22. Nc5 axb4 23. Nxe6 Nxe6 24.
cxb4 Nxb4 25. Bxe5 Bxe5 26. Rxe5 Qxd3 {1/2-1/2 Zhang Zhong-Bruzon Bautista,
Mallorca 2004 CBM 104}) 13... Bxc5 14. d4 exd4 15. cxd4 Ba7 16. Qd3 $14 {
with a somewhat better isolated P structure.}) (11... Re8 12. h3 Bf8 13. Nbd2
h6 14. d4 cxd4 15. cxd4 exd4 16. Bb2 $14 {Tiviakov-Ernst, Dieren 2004}) 12. Bb2
(12. Bb3) 12... Bb7 {This is too early, Bg4 was always handy in case of d4.} (
12... Bg4 13. h3 (13. Bb3 d5 $13) 13... Bh5 14. Nbd2 d5) 13. Nbd2 Qd7 (13... d5
$5 {was again the main question.} 14. exd5 Nxd5 15. Nb3 (15. Nxe5 Nxe5 16. Rxe5
Bf6) 15... cxb4 16. axb4 Qc7) 14. d4 $14 c4 {Now White can get a huge space
advantage.} (14... cxd4 15. cxd4 exd4 16. Nxd4 Nxd4 17. Bxd4 Rac8 {led to a
slightly better version of the Ruy Lopez, but this was not so frightening.})
15. Nf1 (15. d5 $142 $1 {closing the [+] was required, the B on b2 can later
occupy the c1-h6 /^.} Na7 16. Nf1 $14) 15... Rfe8 {This allows again the
closing of the position.} (15... exd4 $5 {was critical.} 16. cxd4 (16. Nxd4
Nxd4 17. cxd4 d5 18. e5 Ne4 19. Ne3 f5 20. f3 Ng5 (20... f4 $2 21. Nxd5 $1) 21.
Nxf5 (21. e6 $5) 21... Rxf5 22. e6 Nxf3+ 23. Qxf3 Rxf3 24. exd7 Rf7 25. Bf5
Rxf5 26. Rxe7 Bc6 $11) 16... d5 17. Ne5 $1 (17. e5 Ne4 18. Ne3 f5 $13) 17...
Qd8 18. Nxc6 Bxc6 19. e5 Ne4 20. Ne3 $36) 16. Ng3 (16. d5 $14) 16... Bf8 17.
Bc1 (17. d5 $14) 17... g6 18. Bg5 Bg7 19. Qd2 (19. d5 Ne7 20. Qd2 a5 $14) 19...
a5 20. Rad1 $2 {This allows Black successfully open the position.} ({This was
the last time to close the [+] and gain a huge space advantage by} 20. d5)
20... axb4 $1 21. axb4 exd4 $1 22. cxd4 (22. Nxd4 Nxd4 23. cxd4 Ra2 $132) 22...
Ra2 $1 {Here White can regret that he left the a file.} 23. d5 (23. Re2 $2 d5
$1 24. e5 (24. Bxf6 Bxf6 25. e5 Bg7 {/\ Qe7}) 24... Ne4 $1 {is the typical
blow in the [+].} 25. Rxe4 $1 Rxc2 26. Qxc2 dxe4 27. Nxe4 Nxb4 $19) 23... Ne5
24. Nxe5 Rxe5 25. Bf4 (25. f4 Re8) 25... Re8 26. Qc1 Ng4 {Black has a Benoni
type of counterattack.} 27. f3 Ne5 28. Ne2 Rc8 {/\ Nd3} 29. Bb1 Rb2 (29... Ra4
{was also promising.} 30. Qd2 c3 $1 31. Nxc3 Nxf3+ 32. gxf3 Bxc3 $17) 30. Bd2
$2 {This blunder quickens the end.} (30. Nd4 Rxb4 31. Qc3 Ra4 $1 (31... Nd3 32.
Bxd3 Rb3 $1 33. Qa1 cxd3 34. Be3 Rc4 35. Rd2 Qd8 $15) 32. Bc2 b4 33. Bxa4 Qxa4
34. Qe3 Ra8 35. Bh6 Bh8 $17) 30... Nd3 $1 $19 31. Bxd3 cxd3 32. Nc3 Rc2 0-1

[Event "Goodricke op 12th"]
[Site "Kolkata"]
[Date "2001.02.11"]
[Round "6"]
[White "Barua, Dibyendu"]
[Black "Vladimirov, Yevgeniy"]
[Result "1-0"]
[WhiteElo "2494"]
[BlackElo "2612"]
[Annotator "Lukacs,P"]
[PlyCount "131"]
[EventDate "2001.02.06"]
[EventType "swiss"]
[EventRounds "11"]
[EventCountry "IND"]
[SourceTitle "CBM 082"]
[Source "ChessBase"]
[SourceDate "2001.05.17"]
[SourceVersion "1"]
[SourceVersionDate "2001.05.17"]
[SourceQuality "1"]

1. e4 e5 2. Nf3 Nc6 3. Bc4 Nf6 4. d3 h6 {Black wants to play d6 and develop
his B to g7 after g6, but first he has to defend against Ng5.} 5. O-O d6 (5...
g6 6. d4 $1 {- Sorokin-Kobese, Linares Anibal op 7th 2000 CBM 75}) 6. Re1 (6.
Nc3 {- Beshukov-Ibragimov, RUS-ch KO Moscow 1999 CBM 75}) (6. c3 g6 7. d4 Qe7
8. dxe5 (8. Re1 Bg7 9. Nbd2 {- 6.Re1 g6 7.d4 Qe7 8.c3 Bg7 9.Nbd2}) 8... Nxe5 (
8... dxe5) 9. Nxe5 Qxe5 {- Short-Fridman, FIDE-Wch k.o. Las Vegas 1999 CBM 72}
(9... dxe5 {- Movsesian-Akopian, FIDE-Wch k.o. g/25/10 Las Vegas 1999 CBM 72}))
6... g6 7. d4 Bg4 (7... Qe7 8. dxe5 $5 (8. Nc3 Bg7 9. Nd5 Qd8 10. dxe5 Nxe5 $1
(10... dxe5 $143 {Now the N on d5 is very strong, and the B on c4 is also on
the right /^.} 11. b4 O-O 12. Bb2 Bg4 13. h3 Bxf3 14. Qxf3 Nxd5 15. exd5 Nd4
16. Qd3 $14 {Kogan-Svidler, Oakham 1992}) 11. Nxe5 dxe5 {Here Black can attack
the N via c7-c6.} 12. Qf3 Nxd5 13. Bxd5 O-O 14. a4 c6 15. Bc4 Qc7 16. b3 Re8
17. Ba3 Be6 18. Bxe6 Rxe6 19. Red1 Bf8 $11 {Sermek-Malaniuk, EUCup Gr5 Pula
1999}) (8. c3 Bg7 9. Nbd2 (9. d5 {- Illescas-Efimov, Escaldes zt 1998 CBM 68})
(9. b4 a6 10. Bd5 Nb8 $142 (10... Bd7 11. dxe5 dxe5 12. Be3 $1 {/\ Bc5} b6 13.
a4 Ng4 14. Bc1 Rd8 (14... O-O {loses an exchange after} 15. b5 $1 axb5 16. Ba3
$16) 15. b5 axb5 16. axb5 Na5 17. Ba3 $16 {Tischbierek-Blatny, Bad Worishofen
1990}) 11. dxe5 dxe5 12. Bb3 {The position is a bit similar to the Ruy Lopez.}
O-O 13. Nbd2 Be6 14. Nc4 Nbd7 15. Na5 Rab8 16. a4 Rfc8 17. Ba3 Qe8 18. Nd2 $14
{Slobodjan-Godena, Arco 1998}) (9. h3 Nh5 $5 (9... O-O 10. Nbd2 {- 9.Nbd2}) 10.
Na3 {/\ Nc2-e3-d5} O-O 11. Nc2 Bd7 12. Ne3 Rae8 13. Nd5 Qd8 14. dxe5 Nxe5 15.
Nxe5 Rxe5 16. Nf4 {White has made too many moves with this N.} Nxf4 17. Bxf4
Re7 18. Bd5 Qc8 $11 {Yakovich-Mikhalchishin, Kujbyshev 1986}) 9... O-O 10. h3
a6 (10... Kh8 11. Nf1 {- Sadvakasov-Bacrot, Lausanne YM Pool A 1999 CBM 71}) (
10... Nd8 11. Nf1 c6 12. Ng3 Nh7 13. Be3 Qf6 14. d5 {Now the N on d8 is killed.
} c5 15. b4 $14 {attacking the weakened << is a fresh idea.} (15. Nh2 Qh4 16.
Nf3 Qf6 17. a4 (17. b4 $14 {- 15.b4}) 17... h5 $5 18. Qd2 Qe7 19. b4 (19. h4 $6
{helps only Black's play on the >>.} Bg4 20. Ng5 f6 21. Nxh7 Kxh7 22. b4 cxb4
23. cxb4 Nf7 24. Rac1 Bh6 $11 {Bologan-Balashov, Azov 1991}))) (10... Nh7 {
/\ Ng5 putting pressure on d4.} 11. Nf1 Ng5 12. Bxg5 $5 {- Tiviakov-Sermek,
TCN Cup 3rd 1997 CBM 61} (12. N1h2 Nxf3+ 13. Nxf3 Kh7 {/\ f5} (13... Na5 14.
Bd3 c5 15. Be3 Bd7 $142 {with a normal Ruy Lopez middlegame.} (15... Kh7 $6 {
allows White to grab the |^ on the <<:} 16. Qa4 $1 b6 17. b4 Bd7 18. Qa3 cxd4
19. cxd4 Nc6 20. d5 $14 {Dolmatov-Beliavsky, URS-FL Tashkent 1980})) 14. a4 (
14. dxe5 {solves unnecessarily the tension in the [+].} Nxe5 15. Nxe5 Qxe5 16.
Qd5 Be6 17. Qxe5 Bxe5 18. Bd5 c6 19. Bxe6 fxe6 20. Be3 c5 21. h4 Rad8 $11 {
Gavrilakis-Rubinetti, Luzern ol (Men) 1982}) 14... f5 $13 {Ghinda-Beliavsky,
Lvov 1981}) (12. Nxg5 hxg5 13. d5 Nd8 14. Bd3 f5 15. g4 {closing the >>, after
which White gets free hand on the <<.} f4 16. c4 c5 17. Bd2 b6 18. a3 Rf7 19.
Bc2 Bf8 20. Nh2 Rh7 21. Kg2 Qc7 22. Ba4 Be7 23. b4 Kg7 24. Qe2 Bb7 25. Nf3 Nf7
{+/=/= Dolmatov-G.Timoschenko, URS-ch49 Frunze 1981})) (10... Qd8 {vacating
the e7 square for the N in case of d4-d5.} 11. Bb3 {The other threat was 11...
exd4 12.cxd4 d5!} (11. d5 $6 Ne7 12. Nf1 Nh5 $132) 11... Re8 12. a3 a5 $1 13.
Bc2 Bd7 14. Nf1 a4 $1 {Black wants to blockade the << and use the light
squares in the spirit of the Ruy Lopez Keres line.} 15. Ng3 (15. Bxa4 $2 Nxd4
$1) 15... b5 16. Be3 (16. Nh2 $5 {/\ f4}) 16... Na5 17. Nd2 Nh7 18. f4 exf4 19.
Bxf4 c5 $1 $13 {Gavrikov-Eingorn, SU 1981}) (10... Bd7 11. Nf1 Rae8 12. Ng3 Kh8
13. b4 a6 14. Rb1 (14. d5 $5) 14... Qd8 15. Qb3 Kg8 16. a4 Bc8 17. Bd2 Nh7 18.
Be3 h5 19. Qc2 Kh8 20. b5 axb5 21. axb5 Na5 22. Bd3 b6 $11 {
Poluljahov-Malaniuk, Novgorod 1999}) 11. Nf1 b5 12. Bb3 (12. Bd3 Bb7) 12... Na5
13. Bc2 c5 14. b3 cxd4 15. cxd4 Nc6 16. Bb2 Bb7 17. d5 Nb8 18. a4 bxa4 19. Rxa4
Nbd7 20. N1d2 Nb6 21. Ra5 (21. Ra2 $5) 21... Qc7 22. b4 {White has some
advantage on the <<, but it's Black's turn to show his trumps on the other
flank!} Nh5 $1 23. g3 Qd7 24. Kh2 Bc8 25. Ng1 Qe8 $15 {/\ f5, Bologan-Onischuk,
Germany 1996 GER-chT.}) 8... dxe5 (8... Nxe5 9. Nxe5 Qxe5 (9... dxe5 10. b3 {
/\ Ba3}) 10. Nd2 $14) 9. b3 $1 {This is the main idea of the early exchenge on
e5.} Bg4 10. Bb5 {Ruy Lopez reminiscences again...} Qd6 11. Bxc6+ Qxc6 12. Nxe5
Bxd1 13. Nxc6 Bxc2 14. Bb2 Bg7 15. Na3 Bxb3 16. axb3 bxc6 17. Rac1 $14 {
V.Ivanov-Malaniuk, RUS-Cup Moscow RUS 2000}) (7... Bd7 8. Bb5 {Now we have got
a Ruy Lopez Steinitz with an extra h6 for Black.} Qe7 $142 (8... Bg7 $6 9. Bxc6
Bxc6 10. dxe5 $1 (10. Nc3 exd4 11. e5 dxe5 12. Rxe5+ Kf8) 10... Nxe4 (10...
dxe5 11. Qxd8+ Rxd8 12. Nxe5 $16 {loses simply material.}) 11. exd6 $16) (8...
Be7 $2 {is completely inconsistent.} 9. Bxc6 Bxc6 10. Nc3 exd4 11. Qxd4 Kf8 12.
Nd5 Bxd5 13. exd5 $16 {De la Paz-Rivera, CUB-ch sf 2000}) 9. d5 $14 {/\ Bxd7
and c4 with a good King's Indian for White, because of the exchange of the
light-squared B.}) (7... Nd7 $6 8. d5 $14 (8. dxe5 {allows Black to come out
of passivity.} Ndxe5 9. Nxe5 Nxe5 10. Bb3 Bg7 11. Nc3 O-O 12. Be3 Be6 13. Qd2
Ng4 14. Bf4 Kh7 15. f3 Ne5 16. Rad1 Bxb3 17. axb3 f5 $13 {Perez-Vasquez,
Garcia mem Premier Santa Clara 1998})) 8. Bb5 (8. c3 Bg7 9. Bb5 {If this has
to be played anyway, then the game continuation seems to be better.} Nd7 (9...
Bd7 10. d5 $14 {leads again to a slightly better King's Indian structure for
White.} (10. Nbd2 O-O 11. a4 (11. h3 $2 Nxd4 $1 {is a typical blow.}))) 10.
Bxc6 bxc6 11. Be3 Qb8 12. b3 O-O 13. Nbd2 Qe8 14. h3 Be6 15. dxe5 dxe5 16. Qe2
a5 17. a3 f5 {This is Black's only counterplay now.} 18. exf5 gxf5 19. Bf4 e4
20. Nd4 Bd5 21. Nxc6 Nc5 22. Nd4 Qg6 (22... Nd3) 23. Qe3 Nd3 24. Rf1 Kh7 $44 {
V.Ivanov-Loginov, RUS-Cup02 Moscow}) 8... Nd7 9. Bxc6 bxc6 10. Nbd2 Bg7 11. h3
Be6 (11... Bxf3 $142 {Usually this exchange is favourable for White, but here
Black can open the long /^ for his B.} 12. Nxf3 exd4 $1 13. Nxd4 Ne5 14. f4 c5
$1 15. Nf5 $5 gxf5 16. exf5 Qh4 17. Bd2 (17. fxe5 Bxe5 18. Be3 Qg3 19. Qg4 Qxg4
20. hxg4 Kd7 $1) 17... Rg8 18. Qf3 O-O-O 19. fxe5 Bxe5 20. Rxe5 dxe5 21. Qa8+
Kd7 22. Qd5+ Kc8 23. Qa8+ Kd7 24. Qd5+ Kc8 $11 {Makarichev-Nenashev, URS-ch58
Moscow 1991}) 12. Nb3 (12. Nf1 f6 $6 {This is very anti-positional.} (12... Nb6
) 13. Nh4 Bf7 14. f4 $16 {Stepovaia Dianchenko-Olarasu, Elista ol (Women) 1998}
) (12. dxe5 Nxe5 (12... dxe5 13. Qe2 {/\ Nc4 exploiting the weaknesses on the
<<.}) 13. Nd4 Qf6 14. Nf1 O-O 15. c3 c5 16. Nxe6 Qxe6 (16... fxe6 $5) 17. Ne3
c4 18. Nd5 Rfc8 19. Nf4 Qe8 20. Be3 a5 21. b3 Kh7 22. bxc4 Nxc4 23. Bd4 Ne5 24.
Nd5 Rab8 25. f4 $16 {Gipslis-Bogumil, Katowicze op 1993}) 12... exd4 13. Nbxd4
c5 {[#]} 14. Nf5 $1 {reminding Black, that his K is still in the [+].} gxf5 15.
exf5 Nf8 (15... Qe7 16. Qe2 $1 {emphasising the pressure on the e <->.} Ne5 17.
Nxe5 Bxe5 18. fxe6 fxe6 (18... Qxe6 19. Bf4 $1 $16) 19. c3 $16 {>< e6}) 16. c3
{This is a bit slow.} ({Crisper was} 16. Qd3 $1 Qd7 17. Qe4 $16) 16... Qd7 $1
17. Qd3 (17. Nh4 $5 $16 {deserved attention.}) 17... Qc6 $1 (17... O-O-O {
runs into} 18. fxe6 Nxe6 19. Qa6+ Kb8 20. Be3 $16) 18. fxe6 fxe6 19. Nh4 Bf6 (
19... O-O-O {is again risky in view of} 20. Ng6 Nxg6 21. Qxg6 e5 $1 22. b4 $1
$16) 20. Qf5 $5 {White's play is not energetic enough.} (20. Nf5 $1 {was still
enough for a significant advantage, for example:} Rg8 (20... O-O-O 21. Nxh6 Rd7
22. Ng4 $16) 21. g3 $16) 20... Bxh4 21. Qh5+ Kd7 22. Qxh4 Rg8 $1 23. Qe4 (23.
g4 $6 Ng6 $1 24. Qxh6 Qf3 25. Qh7+ Kc6 $1 $132) 23... Rg6 24. Qxc6+ Kxc6 {
The _|_ is only slightly worse for Black.} 25. Re4 Nd7 26. Rh4 Rh8 27. Kf1 Ne5
28. b3 h5 29. g3 Rf8 (29... Nf3 30. Ra4 Kb7 31. Bf4 $14) 30. Ke2 Rf5 31. Rf4 (
31. f4 $5 {is met by the positional piece sacrifice after} Rxg3 (31... Nd7 {
is clearly worse in view of} 32. g4 $16) 32. fxe5 Rxe5+ 33. Kd2 (33. Kf2 Rxc3
$44) 33... Rg2+ 34. Kd3 Rd5+ 35. Ke4 Rd1 $44) 31... Rgf6 32. Rxf5 exf5 $5 (
32... Rxf5 33. Be3 $142 (33. c4 Nf3) (33. f4 $5 Ng6 34. Kf3 (34. Be3 h4 35. g4
$2 Nxf4+ 36. Kf3 Rf8) 34... h4 $1 35. g4 Rf7 $11) 33... a6 (33... Kd5 $6 34.
Rd1+ Ke4 35. b4 $1 $16 {is a self-mate study.}) 34. c4 Nf3 35. g4 $14) 33. c4
Re6 34. Be3 {Black's pawns are in four islands, but even so he has good
defending chances.} Ng6 35. Rd1 f4 (35... h4 $14 {would have minimized the
demage.}) 36. gxf4 Nxf4+ 37. Kf3 Ng6 (37... Nxh3 $4 38. Kg3 {and the N is
trapped.}) 38. Rd5 Ne5+ 39. Ke2 Ng6 40. Rg5 h4 41. Rg4 a5 42. f4 Ne7 43. Rg5 d5
$6 {This only weakens Black's position.} (43... Rf6 44. Bd2 $16) 44. Kd3 Rd6 $2
(44... a4 {was the last chance to get rid of the weak P.} 45. Bf2 $16) 45. Re5
$1 $18 (45. Bf2 Rf6 46. Rg4 $16) 45... Ng6 46. cxd5+ Rxd5+ 47. Rxd5 Kxd5 48.
Bd2 {Now all the black pawns are on the colour of the B.} a4 49. bxa4 {White
has two passed pawns on both flanks, and the N is helpless against them.} c4+
50. Kc3 Ne7 51. a5 Kc5 52. Be3+ Kb5 53. a6 $1 Kxa6 54. Kxc4 {White's K is also
better, and his B is superior to the N.} Ka5 55. Bf2 Nf5 56. Kd5 Kb4 57. Ke5
Ne7 58. f5 c5 59. f6 Ng6+ 60. Kf5 Nh8 61. a3+ $1 Kxa3 62. Bxc5+ Kb3 63. Bf2 Kc4
64. Bxh4 Kd5 65. Bg3 Nf7 66. Bf4 1-0